000 01387nam a2200349Ia 4500
001 ebr10058913
003 CaPaEBR
006 m u
007 cr cn|||||||||
008 040520s2004 dcu sbs 000 0 eng d
020 _z082135888X
040 _aCaPaEBR
_cCaPaEBR
035 _a(OCoLC)56034677
050 1 4 _aHC405.Z9
_bP62 2004eb
082 0 4 _a339.4/6/09498
_222
100 1 _aAmelina, Maria,
_d1966-
245 1 0 _aMapped in or mapped out?
_h[electronic resource] :
_bthe Romanian poor in inter-household and community networks /
_cMaria Amelina, Dan Chiribuca, Stephen Knack.
260 _aWashington, DC :
_bWorld Bank,
_c2004.
300 _av, 89 p.
490 1 _aWorld Bank working paper ;
_vno. 33
504 _aIncludes bibliographical references.
533 _aElectronic reproduction.
_bPalo Alto, Calif. :
_cebrary,
_d2013.
_nAvailable via World Wide Web.
_nAccess may be limited to ebrary affiliated libraries.
650 0 _aPoor
_zRomania.
650 0 _aIncome distribution
_zRomania.
650 0 _aHousehold surveys
_zRomania.
655 7 _aElectronic books.
_2local
700 1 _aChiribuca, Dan,
_d1967-
700 1 _aKnack, Stephen F.
710 2 _aebrary, Inc.
830 0 _aWorld Bank working paper ;
_vno. 33.
856 4 0 _uhttp://site.ebrary.com/lib/rucke/Doc?id=10058913
_zAn electronic book accessible through the World Wide Web; click to view
999 _c67324
_d67324